Daňové výdavky na hrane
Pokračovanie príspevku z predchádzajúceho čísla o polemických, diskutabilných, v zákone priamo nepomenovaných a nie vždy jednoznačne zrozumiteľných daňových výdavkov pre účel dane z príjmov.
Enregistré dans:
| Auteur principal: | |
|---|---|
| Format: | Chapitre de livre |
| Langue: | slovaque |
| Sujets: | |
| Tags: |
Pas de tags, Soyez le premier à ajouter un tag!
|
MARC
| LEADER | 00000naa a2200000 4500 | ||
|---|---|---|---|
| 001 | 0169895 | ||
| 005 | 20231207111917.9 | ||
| 041 | 0 | |a slo | |
| 044 | |a SK | ||
| 245 | 1 | 0 | |a Daňové výdavky na hrane |c Emil Burák |
| 520 | |a Pokračovanie príspevku z predchádzajúceho čísla o polemických, diskutabilných, v zákone priamo nepomenovaných a nie vždy jednoznačne zrozumiteľných daňových výdavkov pre účel dane z príjmov. | ||
| 610 | 2 | 0 | |a výdavky daňové |
| 610 | 2 | 0 | |a legislatíva |
| 610 | 2 | 0 | |a Slovensko |
| 610 | 2 | 0 | |a dane z príjmov |
| 100 | 1 | |a Burák, Emil | |